Bruce Springsteen Song - Sudden Death - Statistics

General Stats
  • This quiz has been taken 50 times
  • The average score is 8 of 10
Answers on the Grid
Answers color-coded by a green-red scale on the quiz's grid according to % correct below.
Atlantic City
Backstreets of Freedom
Blue Collar Promises
Born in the U.S.A.
Born to Run
Broken Guitars at Sundown
City Lights on the Radio
Dancing in the Dark
Empty Streets at Dawn
Faded Glory Motel Sign
Highway Saints & Sinners
Hungry Heart
Last Call at the Borderline
Last Exit off the Highway
Long Way Back Home
Midnight on the Turnpike
Miles Between the Heart & Home
Neon Lights of Jersey
Running from Yesterday’s Fire
Rust Belt Heartache
Shadows on the Factory Wall
Small Town After the Storm
Summer Nights on Route 9
The Ghost of Tom Joad
The Promised Land
The River
Thunder Road
Tougher Than the Rest
Working Man’s Last Parade
Worn-Out Dreams & Headlights
 
Answer Stats
Answer % Correct
Born to Run
95%
Born in the U.S.A.
93%
Dancing in the Dark
91%
Hungry Heart
88%
Atlantic City
81%
The River
79%
Thunder Road
72%
The Promised Land
56%
The Ghost of Tom Joad
53%
Tougher Than the Rest
51%
No matching quizzes found
Score Distribution
Percent of People with Each Score
Percentile by Number Answered
Your Score History
You have not taken this quiz